000 00391nam a2200157Ia 4500
003 GCL
008 140319s9999 xx 000 0 ara d
040 _aGCL /
_cGCL
082 0 4 _a813.03
_bم ا
100 1 _aمحمد سالم
245 1 0 _aاستاذ فى الحارة /
_cمحمد سالم
490 _a
650 0 4 _aالادب العربى
650 0 4 _aالادب
942 _2ddc
_cBK
999 _c39749
_d39749